000 00634nam a2200181 a 4500
001 000048671
005 20201002061322.0
008 190408s2016 dr 000 0 spa d
020 _a9789945600308
040 _aDO-SdBNP
_bspa
_cBNPHU
082 _axx
_bxx
100 1 _aGuerrero Ramírez, Rafael
_955963
245 1 0 _aPlenitud 1 :
_bdoctrinas básicas y enseñanzas para la vida cristiana, 30 lecciones el para el discipulado /
_cRafael Guerrero Ramírez.
260 _aSanto Domingo, República Dominicana :
_bSantuario,
_c2016.
300 _a75 p. : ;
_c28 cm.
504 _aBibliografía : p. 75
590 _aInventariado, 2019/VM
999 _c48159
_d48159